[Event "Cracovia Open A"]
[Site "Krakow POL"]
[Date "2011.12.30"]
[Round "4.30"]
[White "Thompson,I"]
[Black "Khamidov,K"]
[Result "1-0"]
[WhiteElo "2281"]
[BlackElo "2056"]

1.Nf3 d5 2.g3 c6 3.Bg2 Nf6 4.c4 dxc4 5.a4 Qd5 6.Nc3 Qh5 7.h3 Na6 8.g4 Qa5
9.O-O g6 10.e3 Bg7 11.Qe2 O-O 12.Qxc4 b5 13.b4 Nxb4 14.Qb3 Be6 15.Qb1 c5
16.axb5 Qc7 17.d3 Nxg4 18.Bb2 Nf6 19.Ng5 Bb3 20.Rc1 Rad8 21.Ba3 Bd5 22.Nxd5 Nfxd5
23.d4 Nxe3 24.fxe3 Qg3 25.Nf3 Nd5 26.Bxc5 Bh6 27.Re1 Bxe3+ 28.Rxe3 Nxe3 29.Qb2 Rfe8
30.Qf2 Qf4 31.Ne5 Qxf2+ 32.Kxf2 Nxg2 33.Kxg2 Rd5 34.Rxa7 f6 35.Nc6 Rg5+ 36.Kf3 e5
37.dxe5 fxe5 38.Ke4 Rh5 39.b6 Rh4+ 40.Kd5 Rxh3 41.Nxe5 Rb3 42.Ng4 Rd8+ 43.Kc4 Rh3
44.Nf6+ Kh8 45.b7 g5 46.Nd5 Rh1 47.Ra8 Rc1+ 48.Nc3  1-0

[Event "ch-AUS 2011-12"]
[Site "North Geelong AUS"]
[Date "2011.12.30"]
[Round "4.12"]
[White "Jordan,Wi"]
[Black "Smirnov,Ant"]
[Result "0-1"]
[WhiteElo "2267"]
[BlackElo "2063"]

1.Nf3 d5 2.g3 Nf6 3.Bg2 c6 4.O-O Nbd7 5.d3 g6 6.Nbd2 Bg7 7.e4 dxe4 8.dxe4 O-O
9.Qe2 Qc7 10.e5 Nd5 11.e6 Ne5 12.exf7+ Rxf7 13.Nxe5 Qxe5 14.Qxe5 Bxe5 15.c3 Bf5
16.Nc4 Bg7 17.Rd1 Raf8 18.h3 Be6 19.Re1 Bf5 20.Ne5 Rf6 21.Bg5 Re6 22.Nc4 h6
23.Bd2 Rd8 24.g4 Rxe1+ 25.Rxe1 Bd3 26.Ne5 Bc2 27.c4 Nb6 28.Bc3 Kh7 29.Bb4 Rd1
30.Rxd1 Bxd1 31.f4 e6 32.b3 Bc2 33.Bd6 Bb1 34.a3 Bc2 35.h4 Bxb3 36.Be4 Bxe5
37.Bxe5 Nxc4 38.Bc3 Nd6 39.Bd3 Bd1 40.Be5 Nf7 41.Bd4 Bxg4 42.Bxa7 Bf5 43.Be2 Nd6
44.a4 Kg7 45.a5 Kf7 46.Kf2 Bc2 47.Bb8 Nf5 48.h5 gxh5 49.Bxh5+ Ke7 50.Be5 Kd7
51.Bf3 Bb3 52.Be2 Ba4 53.Bf3 Bb5 54.Be4 Bc4 55.Bf3 Bd5 56.Be2 Kc8 57.Bd3 h5
58.Bf6 Kd7 59.a6 bxa6 60.Bxa6 Nd6 61.Bd3 Ne4+ 62.Bxe4 Bxe4 63.Ke3 Bg2 64.Kd4 Kd6
65.Kc4 c5 66.Be5+ Kc6 67.Bf6 Bf1+ 68.Kc3 Kd5 69.Be7 c4 70.Kd2 Ke4 71.Bg5 Kf3
72.Kc3 Kg4 73.Kd4 h4  0-1

[Event "Donostia KO GpA"]
[Site "San Sebastian ESP"]
[Date "2011.12.30"]
[Round "3"]
[White "Shchekachev,A"]
[Black "Naiditsch,A"]
[Result "1/2-1/2"]
[WhiteElo "2515"]
[BlackElo "2712"]

1.Nf3 d5 2.g3 Nf6 3.Bg2 Bf5 4.d3 e6 5.Nh4 Bg4 6.h3 Bh5 7.Nd2 Be7 8.g4 Nfd7
9.Nf5 exf5 10.gxh5 Nf6 11.c4 c6 12.cxd5 cxd5 13.e4 dxe4 14.dxe4 Nxe4 15.Nxe4 Qxd1+
16.Kxd1 fxe4 17.Bxe4 Nc6 18.Bxc6+ bxc6 19.Be3 O-O-O+ 20.Ke2 Rd5 21.h6 g6
22.Rac1 Kd7 23.Rhd1 Rb8 24.b3 a5 25.Rd4 Rxd4 26.Bxd4 Rb5 27.Be3 Rh5 28.Rd1+ Kc8
29.Bb6 Rb5 30.Be3 Rh5 31.Rc1 Kd7 32.Rc4 Rxh3 33.Rf4 f6 34.Rd4+ Kc8 35.Ra4 Rh5
36.Bd2 Bd8 37.b4 axb4 38.Ra8+ Kd7 39.Ra7+ Ke6 40.Rxh7 Be7 41.Rg7 Bf8 42.Rc7 c5
43.h7 Be7 44.Be3 c4 45.Ke1  1/2-1/2

[Event "28th Travemuender Open"]
[Site "Travemuende GER"]
[Date "2011.12.30"]
[Round "7"]
[White "Hausrath,D"]
[Black "Rabiega,R"]
[Result "1/2-1/2"]
[WhiteElo "2506"]
[BlackElo "2501"]

1.Nf3 d5 2.g3 Nf6 3.Bg2 c6 4.O-O Bg4 5.d4 Nbd7 6.Nbd2 e6 7.Re1 Be7 8.e4 O-O
9.c3 c5 10.exd5 Nxd5 11.Nf1  1/2-1/2

[Event "ch-AUS 2011-12"]
[Site "North Geelong AUS"]
[Date "2011.12.31"]
[Round "5.8"]
[White "Stojic,D"]
[Black "Wallis,C"]
[Result "1-0"]
[WhiteElo "2287"]
[BlackElo "2268"]

1.Nf3 d5 2.g3 Bg4 3.Bg2 Nd7 4.c4 e6 5.d3 c6 6.cxd5 exd5 7.Nc3 Ngf6 8.O-O Be7
9.h3 Bxf3 10.Bxf3 Nf8 11.e4 dxe4 12.dxe4 Ne6 13.Be3 Nd7 14.Be2 Bc5 15.Bxc5 Ndxc5
16.b4 Nd7 17.Qd6 Qf6 18.Rfd1 Rd8 19.Qd2 Nb6 20.Qe3 O-O 21.e5 Qe7 22.a3 Rxd1+
23.Rxd1 c5 24.bxc5 Nxc5 25.Nb5 Ncd7 26.f4 f6 27.e6 Nc5 28.f5 Nc8 29.Bc4 Kh8
30.Qd4 g6 31.Nd6 b6 32.Nf7+ Kg7 33.fxg6 Nxe6 34.Qh4 Qc5+ 35.Kh1 hxg6 36.Qh6+ Kxf7
37.Qh7+ Ke8 38.Qd7+  1-0

[Event "Northern California International"]
[Site "Fremont USA"]
[Date "2012.01.02"]
[Round "1"]
[White "Bachmann,Ax"]
[Black "Betaneli,A"]
[Result "1-0"]
[WhiteElo "2560"]
[BlackElo "2266"]

1.Nf3 d5 2.g3 Nf6 3.Bg2 c6 4.O-O Bg4 5.d3 Nbd7 6.Nbd2 e5 7.e4 dxe4 8.dxe4 Be7
9.h3 Bxf3 10.Qxf3 O-O 11.a4 Qc7 12.Nc4 Nb6 13.Ne3 g6 14.Rd1 Rad8 15.Bd2 Rd4
16.a5 Nc8 17.Bc3 Rxd1+ 18.Rxd1 Rd8 19.Nc4 Rxd1+ 20.Qxd1 Nd7 21.h4 f6 22.Bh3 Nf8
23.Ne3 Nd6 24.Qd3 Kg7 25.h5 Nb5 26.Bd2 Nd4 27.Kg2 Nde6 28.Qb3 Nd8 29.Ng4 Qd6
30.Bh6+ Kh8 31.Be3 c5 32.Nh6 Nfe6 33.hxg6 hxg6 34.Nf7+ Nxf7 35.Bxe6 Nd8 36.Bd5 b6
37.Qb5 Kg7 38.Qe8 Bf8 39.Qb5 Qc7 40.a6 Qe7 41.c3 Nf7 42.Qc6 Nd6 43.b4 cxb4
44.cxb4 Ne8 45.Ba2 g5 46.Qd5 Nc7 47.Qc4 Kh6 48.Bb3 Ne8 49.Qg8 Qg7 50.Qe6 Qe7
51.Qc6 Kg7 52.b5 Nc7 53.Bc4 Qd6 54.Qb7  1-0

[Event "Cracovia Open A"]
[Site "Krakow POL"]
[Date "2012.01.02"]
[Round "6.9"]
[White "Borsos,B"]
[Black "Sadzikowski,D"]
[Result "0-1"]
[WhiteElo "2239"]
[BlackElo "2380"]

1.Nf3 d5 2.g3 Nf6 3.Bg2 c6 4.O-O Bg4 5.c4 e6 6.d3 Nbd7 7.cxd5 cxd5 8.Nc3 Be7
9.Bd2 O-O 10.Rc1 Rc8 11.a3 a6 12.h3 Bh5 13.b4 Bd6 14.Qb3 Qe7 15.Rfe1 Rfd8
16.Be3 h6 17.Bd2 Bb8 18.Qa2 Ba7 19.Qa1 Qd6 20.Nd1 Bxf3 21.Bxf3 Qxg3+ 22.Bg2 Qd6
23.e3 Bb8 24.Kf1 Ne5 25.Ke2 Rxc1 26.Qxc1 d4 27.e4 Nh5 28.Rg1 Ng6 29.Bf1 Qh2
30.Rxg6 fxg6 31.Qc4 Qe5 32.Bg2 Kh7 33.Bf3 Rf8 34.Bg4 Rf6 35.Qc8 b5 36.Qxa6 Qh2
37.Bxh5 Qxh3 38.Bxg6+ Kxg6 39.Qxb5 Qf3+ 40.Ke1 Qh1+ 41.Ke2 Qf3+ 42.Ke1 Bg3
43.Qc4 e5 44.b5 Qg2 45.Qc8 Bxf2+ 46.Nxf2 Qg1+  0-1

[Event "ch-AUS 2011-12"]
[Site "North Geelong AUS"]
[Date "2012.01.02"]
[Round "6.11"]
[White "Bird,A"]
[Black "Liu,Yi"]
[Result "1/2-1/2"]
[WhiteElo "2216"]
[BlackElo "2039"]

1.Nf3 d5 2.g3 c5 3.Bg2 Nc6 4.d4 cxd4 5.Nxd4 e5 6.Nxc6 bxc6 7.O-O Nf6 8.c4 Rb8
9.Qa4 Rb4 10.Qxc6+ Bd7 11.Qa6 Ra4 12.Qb7 Rxc4 13.Bg5 Rc7 14.Qxd5 Nxd5 15.Bxd8 Rc5
16.Bg5 Be6 17.Rc1 f5 18.Bd2 Rxc1+ 19.Bxc1 Bc5 20.Bd2 Bd4 21.Nc3 Nxc3 22.bxc3 Bb6
23.Bc6+ Kf7 24.Ba4 Rd8 25.Be1 Ba5 26.Bb3 Rc8 27.Rc1 Bc4 28.Rb1 Ke6 29.Bxc4+ Rxc4
30.Rb7 Rc7 31.Rb3 Bb6 32.Kf1 Rc4 33.Ra3 g5 34.f3 e4 35.h3 h5 36.fxe4 fxe4
37.Rb3 Ra4 38.Rb2 Rc4 39.Rb5 Rc5 40.Rb4 e3 41.g4 h4 42.Kg2 Kd5 43.Rd4+ Ke5
44.Kf3 Rc8 45.Re4+ Kd5 46.c4+ Rxc4 47.Rxc4 Kxc4 48.Ke4 a5 49.Ke5 Bd4+ 50.Ke4 Bb6
51.Kf5 Bd8 52.Ke4  1/2-1/2

[Event "XLI Rilton Cup 2011-12"]
[Site "Stockholm SWE"]
[Date "2012.01.02"]
[Round "6"]
[White "Henriksson,Jo"]
[Black "Rydstrom,Tom"]
[Result "1-0"]
[WhiteElo "2295"]
[BlackElo "1939"]

1.Nf3 d5 2.g3 Nf6 3.Bg2 e6 4.O-O Be7 5.b3 b6 6.Bb2 O-O 7.c4 Bb7 8.Ne5 Nbd7
9.d4 Rc8 10.Nc3 c6 11.Rc1 dxc4 12.Nxc4 Qc7 13.e4 Qb8 14.e5 Nd5 15.Ne4 Ba6
16.Re1 Bb4 17.Re2 Rfd8 18.Rec2 Rc7 19.Ncd6 Bxd6 20.Nxd6 Nb4 21.Rd2 c5 22.a3 Nc6
23.Bxc6 Rxc6 24.Nxf7 Rf8 25.Nd6 Rxd6 26.exd6 Bb7 27.Qg4 Nf6 28.Qxe6+ Kh8
29.dxc5 Ne4 30.Qe7 Rg8 31.d7  1-0

[Event "Northern California International"]
[Site "Fremont USA"]
[Date "2012.01.03"]
[Round "3"]
[White "Young,An"]
[Black "Meier,Geo"]
[Result "0-1"]
[WhiteElo "2325"]
[BlackElo "2671"]

1.Nf3 d5 2.g3 Bg4 3.Bg2 e6 4.d3 c6 5.Nbd2 Bd6 6.b3 Ne7 7.Bb2 O-O 8.h3 Bh5
9.e3 f6 10.Qe2 e5 11.g4 Bf7 12.Rg1 Nd7 13.Nh4 g6 14.Nhf3 Qc7 15.h4 Be6 16.Bh1 b5
17.e4 d4 18.g5 f5 19.exf5 Bxf5 20.h5 gxh5 21.Nh4 Bg6 22.O-O-O Nd5 23.Ne4 Nf4
24.Qf3 Rac8 25.Kb1 c5 26.Bc1 c4 27.dxc4 Bxe4 28.Qxe4 Nc5 29.Qe1 bxc4 30.g6 cxb3
31.Bxf4 bxc2+ 32.Ka1 Rxf4 33.Bd5+ Kg7 34.gxh7+ Kxh7 35.Rc1 d3 36.Ng6 Rd4
37.Rg5 d2 38.Nf8+ Bxf8 39.Rxh5+ Kg6 40.Qg1+ Kxh5 41.Qh1+ Kg6 42.Rg1+ Kf6  0-1

[Event "ch-AUS 2011-12"]
[Site "North Geelong AUS"]
[Date "2012.01.03"]
[Round "7.5"]
[White "Wohl,A"]
[Black "Zhao Zong Yuan"]
[Result "1/2-1/2"]
[WhiteElo "2404"]
[BlackElo "2564"]

1.Nf3 d5 2.g3 c6 3.Bg2 Bg4 4.c4 e6 5.O-O Nd7 6.cxd5 exd5 7.Nc3 Ngf6 8.d3 Bc5
9.h3 Bxf3 10.Bxf3 O-O 11.Bg2 Re8 12.e4 dxe4 13.dxe4 Ne5 14.Bg5 h6 15.Bxf6 Qxf6
16.Qe2 Qe6 17.Kh2 Qc4 18.Rae1 Rad8 19.f4 Qxe2 20.Rxe2 Nc4 21.e5 Ne3 22.Rfe1 Nxg2
23.Kxg2 Rd3 24.Ne4 Bb4 25.Re3 Red8 26.R1e2 a5 27.Kf3 a4 28.a3 Be7 29.Rc2 R3d4
30.Nf2 f6 31.e6 f5 32.Ke2 g5 33.Nd3 R8d5 34.Ne5 Kg7 35.Kf3 Rb5 36.Rce2 c5
37.Nf7 c4 38.fxg5 hxg5 39.Nxg5 Rb3 40.h4 Rdd3 41.Rxd3 cxd3 42.Rd2 b5 43.Nh3 b4
44.Nf4 bxa3 45.bxa3 Bxa3 46.Rxd3 Rxd3+ 47.Nxd3 Kf6 48.g4 fxg4+ 49.Kxg4 Kxe6
50.Kf3 Kd5 51.Ke2 Kc4 52.h5 Kc3 53.h6 Bf8 54.h7 Bg7 55.Nc1 a3 56.Kd1 Bh8
57.Na2+ Kb3 58.Nc1+ Kb2 59.Nd3+ Kb1 60.Nc1 Bc3 61.Ne2 Bb2 62.Nc1 Bg7 63.Kd2 Bh8
64.Kd1 Bb2 65.Nb3 Bg7  1/2-1/2

[Event "Donostia KO GpB"]
[Site "San Sebastian ESP"]
[Date "2012.01.03"]
[Round "5"]
[White "Valdes,Le"]
[Black "Van Wely,L"]
[Result "0-1"]
[WhiteElo "2391"]
[BlackElo "2686"]

1.Nf3 d5 2.g3 g6 3.c4 c6 4.Qa4 e6 5.Bg2 Bg7 6.O-O Nf6 7.cxd5 exd5 8.d3 O-O
9.Nc3 Nbd7 10.Qc2 Re8 11.Bf4 Nc5 12.Be5 Bg4 13.Rfe1 Bxf3 14.Bxf6 Qxf6 15.Bxf3 Ne6
16.Bg2 h5 17.Qa4 a5 18.Rac1 Bh6 19.Rb1 b5 20.Qd1 Rad8 21.a3 h4 22.e4 dxe4
23.Nxe4 Qg7 24.b4 a4 25.Nc5 Nd4 26.Re4 Rxe4 27.Bxe4 Re8 28.Kh1 h3 29.Qe1 Re7
30.Qf1 f5 31.Qxh3 fxe4 32.dxe4 g5 33.Qg4 Qf6 34.f4 Bg7 35.Rf1 Re8 36.Rf2 Nb3
37.Nd7 Qe6 38.Qxe6+ Rxe6 39.e5 gxf4 40.gxf4 Re7 41.Nb8 c5 42.bxc5 Nxc5 43.Nc6 Rf7
44.f5 Rc7 45.Nd4 Bxe5 46.Nxb5 Rb7 47.Re2 Nd3 48.Re3 Nf2+ 49.Kg2 Rxb5 50.f6 Ng4
51.Rd3 Nxf6 52.Rd8+ Kf7 53.Ra8 Rb2+ 54.Kf1 Rxh2 55.Rxa4 Ke6 56.Kg1 Ra2 57.Kf1 Kf5
58.Rh4 Nd5 59.a4 Ne3+ 60.Kg1 Bg3 61.Rh5+ Kg4  0-1

[Event "24th Staufer-Open"]
[Site "Schwaebisch Gmuend GER"]
[Date "2012.01.03"]
[Round "4"]
[White "Gutman,L"]
[Black "Cebulla,Konstantin"]
[Result "1-0"]
[WhiteElo "2462"]
[BlackElo "1935"]

1.Nf3 d5 2.g3 Bg4 3.Bg2 Nd7 4.d4 Ngf6 5.O-O e6 6.c4 c6 7.Nc3 Bd6 8.Qb3 Qb6
9.c5 Qxb3 10.axb3 Bc7 11.b4 Bxf3 12.Bxf3 e5 13.e3 e4 14.Bg2 O-O 15.b5 a6
16.bxc6 bxc6 17.Bd2 a5 18.Ra2 Nh5 19.Rfa1 Rfb8 20.b4 f5 21.b5 cxb5 22.Nxd5 Ra7
23.Ne7+  1-0

[Event "Hilton Open 2012"]
[Site "Basel SUI"]
[Date "2012.01.04"]
[Round "6"]
[White "Hera,I"]
[Black "Kozhuharov,S"]
[Result "0-1"]
[WhiteElo "2558"]
[BlackElo "2432"]

1.Nf3 d5 2.g3 c6 3.Bg2 Nf6 4.O-O Bf5 5.d3 h6 6.Nfd2 e5 7.e4 dxe4 8.dxe4 Be6
9.Qe2 Bc5 10.Nb3 Bb6 11.N1d2 O-O 12.Nc4 Nbd7 13.a4 Qe7 14.h3 Bc7 15.Bd2 Rfe8
16.Nba5 b6 17.Nb3 a6 18.Ne3 Qf8 19.Rfd1 a5 20.Nf5 h5 21.Qf3 Kh7 22.Bc3 g6
23.Ne3 Bd6 24.Bf1 Kg7 25.Kg2 Bb4 26.Bc4 Bxc3 27.bxc3 Nc5 28.Bxe6 Rxe6 29.Nxc5 Qxc5
30.Rab1 Ree8 31.c4 Red8 32.c3 Rab8 33.h4 Rd6 34.Rxd6 Qxd6 35.Rd1 Qe7 36.Nc2 Rd8
37.Rd3 Rxd3 38.Qxd3 Nd7 39.Na1 Nc5 40.Qc2 Qe6 41.Qb1 Qxc4 42.Qxb6 Qxe4+ 43.Kh2 Nd3
44.Nc2 Qe2 45.Ne3 Nxf2 46.Kg1 Ne4 47.Nf1 c5 48.Qb5 Qf2+ 49.Kh1 Qxf1+ 50.Qxf1 Nxg3+
51.Kg2 Nxf1 52.Kxf1 g5 53.hxg5 f6 54.gxf6+ Kxf6 55.Ke2 h4 56.Kd3 h3 57.Kc4 h2
58.Kxc5 h1=Q 59.Kb5 e4 60.Kxa5 e3 61.Kb6 e2 62.a5 e1=Q 63.a6 Qee4  0-1

[Event "15th Guben Neujahrsopen"]
[Site "Guben GER"]
[Date "2012.01.04"]
[Round "5.6"]
[White "Minina,V"]
[Black "Rogule,L"]
[Result "0-1"]
[WhiteElo "2083"]
[BlackElo "2312"]

1.Nf3 d5 2.g3 c6 3.c4 Bg4 4.Bg2 e6 5.cxd5 exd5 6.O-O Nd7 7.d3 Bd6 8.Nc3 Ngf6
9.Qc2 O-O 10.e4 dxe4 11.dxe4 Re8 12.h3 Bxf3 13.Bxf3 Qe7 14.Bg5 h6 15.Bd2 Rad8
16.Bg2 Nc5 17.Rae1 Be5 18.Kh2 Qd6 19.Rd1 Qd3 20.Qc1 Qa6 21.Qc2 Qd3 22.Qc1 Qc4
23.f3 Rd3 24.b3 Qa6 25.Qc2 Red8 26.Ne2 Bc7 27.Nc1 Bxg3+ 28.Kh1 R3d7 29.e5 Nh7
30.f4 Ne6 31.b4 Nhf8 32.f5 Nd4 33.Qe4 Qb5 34.e6 fxe6 35.f6 Nf5 36.fxg7 Rxg7
37.Bf4 Rxd1 38.Rxd1 Bxf4 39.Qxf4 Ng3+ 40.Kh2 Nf5 41.Rd8 Qb6 42.Ra8 Qe3 43.Qxe3 Nxe3
44.Be4 Nf1+  0-1

[Event "Donostia GpC"]
[Site "San Sebastian ESP"]
[Date "2012.01.04"]
[Round "6.5"]
[White "Valdes,Le"]
[Black "Libiszewski,F"]
[Result "1/2-1/2"]
[WhiteElo "2391"]
[BlackElo "2500"]

1.Nf3 d5 2.g3 Nf6 3.Bg2 c6 4.O-O g6 5.b3 Bg7 6.Bb2 O-O 7.c4 Bg4 8.d3 Nbd7
9.Nbd2 a5 10.a3 Re8 11.h3 Bxf3 12.Nxf3 e5 13.cxd5 cxd5 14.Rc1 Qb6 15.d4 e4
16.Ne5 Nf8 17.e3 N6d7 18.Nxd7 Nxd7 19.Re1 Rac8 20.Bf1 Rxc1 21.Bxc1 Bf8 22.a4 Rc8
23.Bb5 Nf6 24.Bd2 h5 25.Re2 Ba3 26.Kg2 Nh7 27.h4 Nf6 28.Qe1 Qe6 29.Bc3 b6
30.Ra2 Bd6 31.b4 axb4 32.Bxb4 Bxb4 33.Qxb4 Rc1 34.Qd2 Qc8 35.Be2 Ng4 36.Bd1 Qc4
37.Be2 Qc6 38.Bd1 Qc4 39.Be2 Qc6 40.Bd1 Qc4 41.Rc2 Rxc2 42.Bxc2  1/2-1/2

[Event "XLI Rilton Cup 2011-12"]
[Site "Stockholm SWE"]
[Date "2012.01.04"]
[Round "8"]
[White "Karlsson,L"]
[Black "Furhoff,J"]
[Result "1-0"]
[WhiteElo "2485"]
[BlackElo "2370"]

1.Nf3 d5 2.g3 Nc6 3.d4 Bg4 4.h3 Bxf3 5.exf3 e6 6.f4 g6 7.c3 Nge7 8.Nd2 Bg7
9.Nf3 Qd7 10.Bd3 f6 11.O-O O-O-O 12.Re1 Nf5 13.b4 Nd6 14.a4 Rde8 15.Ra2 Kb8
16.Rae2 Nf7 17.Kh2 Qd6 18.Kg2 Qd7 19.Nd2 Nd6 20.Nb3 e5 21.b5 Ne7 22.fxe5 Ne4
23.e6 Qd6 24.Bf4 Qa3 25.Qc2 Nf5 26.f3 Ng5 27.Bxf5 gxf5 28.e7  1-0

[Event "Northern California International"]
[Site "Fremont USA"]
[Date "2012.01.05"]
[Round "5"]
[White "Bachmann,Ax"]
[Black "Collins,S IRL"]
[Result "1/2-1/2"]
[WhiteElo "2560"]
[BlackElo "2426"]

1.Nf3 d5 2.g3 c6 3.Bg2 Bg4 4.O-O Nd7 5.d3 Ngf6 6.Nbd2 e5 7.e4 Bd6 8.h3 Bh5
9.Re1 O-O 10.g4 Bg6 11.Nh4 dxe4 12.dxe4 Nc5 13.Nf5 Re8 14.Qf3 Bf8 15.Nf1 Ne6
16.N1g3 a5 17.h4 a4 18.c3 Qb6 19.g5 Nd7 20.Bf1 a3 21.b3 Qc7 22.Qg4 b5 23.Be3 f6
24.Bh3 Kh8 25.Qf3 fxg5 26.hxg5 Bc5 27.Nh4 Bxe3 28.Nxg6+ hxg6 29.Bxe6 Rxe6
30.Rxe3 Rf8 31.Qg4 Rd6 32.Kg2 Kg8 33.Rh1 Nc5 34.Nf5 Qd7 35.Reh3 Rxf5 36.exf5 Qxf5
37.Qxf5 gxf5 38.Rh8+ Kf7 39.Rc8 Ne4 40.Re1 Rd2 41.Rxc6 Rxf2+ 42.Kg1 Rxa2
43.Ra6 Nxg5 44.Rd1 Nf3+ 45.Kf1 Nh2+ 46.Kg1 Nf3+ 47.Kf1 Ke7 48.Rd5 Nh2+ 49.Kg1 Nf3+
50.Kf1 Nh2+ 51.Ke1 Nf3+ 52.Kd1 f4 53.Rxb5 Kf7 54.Rb7+ Kg8 55.Rg6 Rd2+ 56.Kc1 a2
57.Rgxg7+ Kf8 58.Rbf7+ Ke8 59.Ra7 Kf8 60.Rgb7 Rd8 61.Kb2 Ne1 62.Kxa2 f3 63.Ka3 e4
64.Rf7+ Kg8 65.Rg7+ Kh8 66.Rgf7 Kg8 67.b4 e3 68.Kb3 e2 69.Rae7 Nd3 70.Rxf3 e1=Q
71.Rxe1 Nxe1 72.Rf1 Nd3 73.c4 Rf8 74.Rg1+ Kf7 75.Kc3 Ne5 76.Rf1+ Ke7 77.Rxf8 Kxf8
78.Kd4 Nd7 79.c5 Ke7 80.Kd5 Nb8 81.c6 Na6 82.b5 Nc7+ 83.Kc5 Ne6+ 84.Kb6 Kd6
85.Ka7 Nd4 86.c7 Nxb5+ 87.Kb6 Nxc7  1/2-1/2

[Event "Hastings Masters 2011-12"]
[Site "Hastings ENG"]
[Date "2012.01.05"]
[Round "9.5"]
[White "Pert,N"]
[Black "Holzke,F"]
[Result "1/2-1/2"]
[WhiteElo "2563"]
[BlackElo "2506"]

1.Nf3 d5 2.g3 Nf6 3.Bg2 c6 4.c4 dxc4 5.O-O Nbd7 6.Qc2 Nb6 7.Na3 g6 8.Nxc4 Nxc4
9.Qxc4 Bg7 10.d3 O-O 11.Bd2 a5 12.Qh4 Qb6 13.Rab1 Re8 14.Ne5 Nd5 15.Nc4 Qd8
16.Rfd1 Be6 17.Bh6 Bf6 18.Bg5 Bg7 19.Bh6 Bf6 20.Bg5 Bg7 21.a3 a4 22.Bh6 Bf6
23.Bg5 Bg7 24.Bh6 Bf6 25.Bg5  1/2-1/2

[Event "24th Staufer-Open"]
[Site "Schwaebisch Gmuend GER"]
[Date "2012.01.05"]
[Round "7"]
[White "Gutman,L"]
[Black "Reuss,A"]
[Result "1/2-1/2"]
[WhiteElo "2462"]
[BlackElo "2301"]

1.Nf3 d5 2.g3 c6 3.Bg2 Bg4 4.O-O Nd7 5.d4 e6 6.Ne5 Nxe5 7.dxe5 h5 8.h3 Bf5
9.Nc3 Qc7 10.e4 dxe4 11.Qd4 Qb6 12.Be3 Qxd4 13.Bxd4 e3 14.Bxe3 f6 15.exf6 Nxf6
16.Ne2 Nd5 17.Bg5 Bc5 18.c4 Nf6 19.a3 Bd3 20.Rfe1 O-O 21.Nf4 Bf5 22.Bxf6 Rxf6
23.Rad1 h4 24.b4 Bb6 25.c5 Bc7 26.Rd7 Rf7 27.Rxf7 Kxf7 28.b5 cxb5 29.g4 Bxf4
30.gxf5 Rc8 31.c6 bxc6 32.Rxe6 c5 33.Bb7 Rc7 34.Ba6 c4 35.Bxb5 c3 36.Be8+ Kf8
37.Bg6 Rc8 38.f6 c2 39.fxg7+ Kxg7 40.Bxc2 Rxc2 41.Re7+ Kg6 42.Rxa7 Kf5 43.Kg2 Be5
44.Rf7+ Ke4 45.Rh7 Bf6 46.Rh6 Rc6 47.a4 Kf5 48.Rh5+ Bg5 49.Rh8 Ra6 50.Rc8 Rxa4
51.Rc5+ Kf4 52.Rc2 Bf6 53.Re2 Bd4 54.Rd2 Rb4 55.Rd3 Ke4 56.Rf3 Rb8 57.Rf7 Rb6
58.Re7+ Be5 59.Ra7 Rg6+ 60.Kf1 Bd4 61.Rf7 Rg8 62.Re7+ Kd3 63.Rf7 Be5 64.Re7 Bh2
65.Rd7+ Ke4 66.Ke2 Rg2 67.Kf1 Rg1+ 68.Ke2 Ra1 69.Rf7 Bf4 70.Re7+ Be5 71.Rh7 Ra2+
72.Ke1 Bf6 73.Rf7 Bg5 74.Kf1 Bf4 75.Kg2 Ra6 76.Re7+ Be5 77.Rf7 Rg6+ 78.Kf1 Bf4
79.Ra7 Rf6 80.Kg2 Be5 81.Re7 Kf4 82.Re8 Rf7 83.Rg8 Rg7+  1/2-1/2

[Event "24th Staufer-Open"]
[Site "Schwaebisch Gmuend GER"]
[Date "2012.01.05"]
[Round "8"]
[White "Koop,Tho"]
[Black "Behling,R"]
[Result "1/2-1/2"]
[WhiteElo "2117"]
[BlackElo "2210"]

1.Nf3 d5 2.g3 Nf6 3.Bg2 g6 4.O-O Bg7 5.d4 O-O 6.c4 c6 7.cxd5 cxd5 8.Nc3 Ne4
9.e3 Nxc3 10.bxc3 Nc6 11.Nd2 Na5 12.Nb3 Nc4 13.Qf3 e6 14.e4 dxe4 15.Qxe4 Nd6
16.Qf4 Re8 17.Re1 Bf8 18.Ba3 Qc7 19.c4 Rb8 20.Rad1 Rd8 21.Bf1 b6 22.c5 Ne8
23.Qh4 Bb7 24.Bg2 Bxg2  1/2-1/2

[Event "24th Staufer-Open"]
[Site "Schwaebisch Gmuend GER"]
[Date "2012.01.05"]
[Round "8"]
[White "Gutman,L"]
[Black "Schroeder,Ja"]
[Result "1-0"]
[WhiteElo "2462"]
[BlackElo "2221"]

1.Nf3 d5 2.g3 Nf6 3.Bg2 c6 4.O-O Bg4 5.d4 Nbd7 6.c4 e6 7.Nc3 Be7 8.Ne5 Bh5
9.Qb3 Qb6 10.Nxd7 Nxd7 11.e4 dxe4 12.Nxe4 O-O 13.Be3 Rfd8 14.Nc3 Nf6 15.Qxb6 axb6
16.d5 exd5 17.Bxb6 dxc4 18.Bxd8 Rxd8 19.Rfe1 Kf8 20.h3 Bb4 21.g4 Bg6 22.Rad1 Nd5
23.Rd4 Bd3 24.Bxd5 cxd5 25.Re5 Bxc3 26.bxc3 Ra8 27.Rdxd5 g5 28.Ra5 Rd8 29.f3 f6
30.Re6 Kf7 31.Rb6 Re8 32.Rxb7+ Kg6 33.Raa7 h5 34.Re7 Rb8 35.Rh7 f5 36.Rhb7 Rxb7
37.Rxb7 hxg4 38.hxg4 fxg4 39.fxg4 Kf6 40.Kf2 Ke5 41.Ke3  1-0

[Event "4th Chennai Open"]
[Site "Chennai IND"]
[Date "2012.01.06"]
[Round "5"]
[White "Venkatesh,M"]
[Black "Debashis,D"]
[Result "1/2-1/2"]
[WhiteElo "2499"]
[BlackElo "2389"]

1.Nf3 d5 2.g3 Nf6 3.Bg2 c6 4.d3 Bg4 5.Nbd2 Nbd7 6.O-O e5 7.h3 Bh5 8.e4 Bd6
9.exd5 cxd5 10.c4 O-O 11.cxd5 Nxd5 12.Qb3 N5b6 13.Ne4 Be7 14.Be3 Kh8 15.g4 Bg6
16.a4 f6 17.Nh4 Bf7 18.Qd1 Re8 19.Nf3 Rf8 20.Nh4 Re8 21.Nf3 Rf8 22.Nh4 Re8
23.Nf3 Rf8 24.Nh4 Re8 25.Nf3 Bf8  1/2-1/2

[Event "2nd Mantova Open A 2012"]
[Site "Mantova ITA"]
[Date "2012.01.06"]
[Round "7"]
[White "Mrdja,M"]
[Black "Bontempi,P"]
[Result "1/2-1/2"]
[WhiteElo "2389"]
[BlackElo "2336"]

1.Nf3 d5 2.g3 Nf6 3.Bg2 Bf5 4.O-O e6 5.d3 h6 6.Nbd2 Be7 7.Qe1 O-O 8.e4 Bh7
9.Qe2 c5 10.Re1 Nc6  1/2-1/2

[Event "ch-AUS 2011-12"]
[Site "North Geelong AUS"]
[Date "2012.01.06"]
[Round "9.7"]
[White "Stojic,D"]
[Black "Tan,Ju2"]
[Result "1-0"]
[WhiteElo "2287"]
[BlackElo "2160"]

1.Nf3 d5 2.g3 c6 3.Bg2 Nf6 4.O-O Bg4 5.c4 Nbd7 6.cxd5 cxd5 7.Nc3 e6 8.Qb3 Nc5
9.Qb5+ Nfd7 10.d4 a6 11.Qb4 Bxf3 12.Bxf3 Nd3 13.Qxb7 Nb4 14.Bf4 g5 15.Bxg5 Rb8
16.Bxd8 Rxb7 17.Bg5 f6 18.Bf4 Nc2 19.Rad1 Rb4 20.e3 Rxb2 21.Rd2 Bb4 22.Rc1 O-O
23.Rdxc2 Rxc2 24.Rxc2 Rc8 25.Nxd5 Rxc2 26.Nxb4 Rc1+ 27.Kg2 a5 28.Nc6 a4 29.Bd6 Rc2
30.d5 exd5 31.Bxd5+ Kg7 32.Nd4 Rd2 33.Be6 Ne5 34.Nf5+ Kg6 35.Bxe5 fxe5 36.e4 Kf6
37.Bd5 h5 38.h4 a3 39.g4 Rc2 40.g5+ Kg6 41.Ne7+ Kh7 42.Nc6  1-0

[Event "Northern California International"]
[Site "Fremont USA"]
[Date "2012.01.07"]
[Round "8"]
[White "Betaneli,A"]
[Black "Coleman,T"]
[Result "0-1"]
[WhiteElo "2266"]
[BlackElo "2356"]

1.Nf3 d5 2.g3 Nf6 3.Bg2 c6 4.O-O Bg4 5.d4 Nbd7 6.Nbd2 e6 7.Re1 Be7 8.e4 dxe4
9.Nxe4 Nxe4 10.Rxe4 Nf6 11.Re1 O-O 12.c3 a5 13.Qb3 Bxf3 14.Bxf3 Qc8 15.Bd2 a4
16.Qc4 Nd5 17.Qe2 Bf6 18.Rad1 b5 19.a3 Qd7 20.Bc1 Nb6 21.Kg2 Rac8 22.h4 Rfd8
23.Rh1 Qe7 24.Be4 Nc4 25.Bd3 c5 26.dxc5 Rxc5 27.Be4 Nd6 28.Bf4 Nxe4 29.Qxe4 Rcd5
30.Rxd5 Rxd5 31.Bg5 h5 32.Bxf6 Qxf6 33.Re1 Qd8 34.Re2 g6 35.Qf3 Rf5 36.Qe4 Qd1
37.Qc2 Qd6 38.Qe4 Rd5 39.f4 Rd1 40.Kh2 Qc5 41.Qg2 Qd6 42.Qe4 Kf8 43.Kh3 Rd3
44.c4 bxc4 45.Qxc4 Qd7 46.Kh2 Rd6 47.Qe4 Rd2 48.Qb4+ Rd6 49.Rd2 Ke7 50.Kg1 Qa7+
51.Kf1 Qb6 52.Qxd6+ Qxd6 53.Rxd6 Kxd6 54.Ke2 e5 55.Kd3 f5 56.fxe5+ Kxe5 57.Ke3 Kf6
58.b4 axb3 59.Kd3 g5 60.hxg5+ Kg6 61.a4 b2 62.Kc2 f4  0-1

[Event "TCh-NED Meesterklasse 2011-12"]
[Site "Netherlands NED"]
[Date "2012.01.07"]
[Round "5.2"]
[White "Zaragatski,I"]
[Black "Danielian,E"]
[Result "0-1"]
[WhiteElo "2474"]
[BlackElo "2517"]

1.Nf3 d5 2.g3 Nf6 3.Bg2 c6 4.O-O Bg4 5.c4 e6 6.cxd5 exd5 7.Qb3 Qb6 8.Qc2 Nbd7
9.d3 Bd6 10.Nc3 O-O 11.e4 dxe4 12.dxe4 Rfe8 13.Be3 Qa5 14.Nd4 Qh5 15.f3 Bh3
16.Bxh3 Qxh3 17.Nf5 Bc7 18.Rad1 Ne5 19.Ne2 Ng6 20.Qb3 b5 21.Rc1 Rac8 22.Bxa7 Qh5
23.Rc5 Qh3 24.Rcc1 Qh5 25.Bd4 Re6 26.Be3 Ree8 27.Rxc6 Ne5 28.Rxc7 Rxc7 29.Ned4 g6
30.Nd6 Ree7 31.Bf4 Rcd7 32.N6xb5 Qh3 33.Qc2 Kg7 34.Qg2 Qxg2+ 35.Kxg2 Nd3
36.Bg5 Nxb2 37.Rb1 Nd3 38.Nc6 Re6 39.Nbd4 Red6 40.Rd1 Rxd4 41.Nxd4 Rxd4 42.Kf1 Rd7
43.Ke2 Nc5 44.Rxd7 Nfxd7 45.Be7 Ne6 46.Ke3 f6 47.h4 Kf7 48.Bb4 Nd8 49.g4 Ke6
50.Bc3 h5 51.Kf4 Nf7 52.a4 Nd6 53.a5 Nb5 54.Ba1 Nc5 55.g5 Nb3 56.Bxf6 Nxa5
57.Ke3 Nc4+ 58.Kf4 Nbd6 59.Bd4 Nf7 60.Bf6 Kd6 61.Kg3 Nfe5 62.Kf4 Nd3+ 63.Kg3 Ke6
64.Bc3 Ne3 65.Bf6 Nf1+ 66.Kg2 Nd2 67.Bc3 Ne1+ 68.Kf2 Nexf3 69.Ke3 Nb1 70.Bb4 Nxh4
71.Kf4 Ng2+ 72.Kf3 Ke5 73.Kxg2 Kxe4 74.Kg3 Kf5 75.Kh4 Kf4 76.Kh3 Ke3 77.Kg3 Nd2
78.Kh4 Nf3+ 79.Kg3 Nxg5 80.Kh4 Nf3+ 81.Kg3 Ke4 82.Be7 Nd4 83.Bd8 Kf5 84.Kh4 Ne6
85.Be7 Nf4  0-1

[Event "TCh-NED Meesterklasse 2011-12"]
[Site "Netherlands NED"]
[Date "2012.01.07"]
[Round "5.5"]
[White "Rotstein,A"]
[Black "Kuipers,S"]
[Result "1-0"]
[WhiteElo "2515"]
[BlackElo "2381"]

1.Nf3 d5 2.g3 c6 3.Bg2 Bg4 4.O-O e6 5.d4 Nd7 6.Nbd2 Ngf6 7.Re1 Be7 8.e4 dxe4
9.Nxe4 Nxe4 10.Rxe4 Bxf3 11.Bxf3 O-O 12.h4 Qb6 13.c3 Rad8 14.Qc2 Rfe8 15.Re1 Bf6
16.Be3 Qc7 17.Rad1 Nb6 18.Be4 g6 19.h5 Nd5 20.Bc1 Ne7 21.Kg2 Qa5 22.hxg6 hxg6
23.b4 Qc7 24.Bf4 Qd7 25.Rh1 Nd5 26.Bc1 Qe7 27.Rde1 Qd6 28.Bxg6 fxg6 29.Qxg6+ Bg7
30.Rh7 Qd7 31.Reh1 Kf8 32.Bh6  1-0